01410nam a2200241Ia 4500008004100000020001900041050002400060100003100084240006400115245009200179260003400271300001800305336001000323337001400333338001200347500004800359504004100407505056300448650002501011650002601036700005301062700005301115120720s19992207mx ad 000 0 spa d a9789682458675  aLB1028.3 bB37 1999 aBates, A. W. (Tony)eautor aTecnnology, Open Leraning and Distance Educationlespañol13aLa tecnología en la enseñanza abierta y la educación a distancia c / A.W. Bates aMéxico b : Trillasc, 1999 a334 páginas atexto asin medio avolumen aIncluye: índice onomástico (pp.323-334) aIncluye: bibliografía (pp.317-322) aResumen ejecutivo.¿Qué hemos aprendido sobre la tecnología, la enseñanza abierta y la toma de decisiones? Tecnología, toma de decisiones y enseñanza abierta y a distancia Selección de tecnologías. Clasificación de las diferiencias Televisión. La trasmisión educativa Televisión educativa Textos impresos Audio unidireccional. Radio y audiocassetes Audio bidireccional.Enseñanza por teléfono y audiográficos Enseñanza basada en computadora y multimedia comunicación por computadora Tecnología y el futuro de la educación 10aTECNOLOGIA EDUCATIVA20aEDUCACION A DISTANCIA aSantiago Cruz, Juan Samueletraductordtraductor aSantiago Cruz Julio Raúletraductordtraductor